000 00233nam a2200097Ia 4500
001 1251714
005 20251031150920.0
008 251031s9999 xx 000 0 und d
245 0 _cALEX HİRSCH
_aŞ-2 MOANA
260 _bBETA YAYINLARI
999 _c1251714
_d1251714